000 00468nam a2200157Ia 4500
005 20250508160019.0
008 008 250505s9999 xx 000 0 eng d
037 _aBooks to be hide in OPAC
040 _aFEDL
_beng
_cFEDL
041 _aeng
_2eng
084 _a379.429, GRE/O
_qFEDL
245 0 _aOutline of the structure of the educational system in England and Wales
300 _a38p.
942 _cHB
_h379.429, GRE/O
999 _c1361023
_d1361023